EFFECTS OF GREEN SUPPLY CHAIN MANAGEMENT ON ORGANIZATIONAL PRODUCTIVITY;A SURVEY OF TEXTILE INDUSTRIES IN ELDORET (Record no. 216821)

MARC details
000 -LEADER
fixed length control field 00477nam a22001457a 4500
008 - FIXED-LENGTH DATA ELEMENTS--GENERAL INFORMATION
fixed length control field 260311b |||||||| |||| 00| 0 eng d
050 ## - LIBRARY OF CONGRESS CALL NUMBER
Classification number THE TS 161 .K4K43 2016
Item number 1
100 ## - MAIN ENTRY--PERSONAL NAME
Personal name KEBENEI PRUDENCE,JEPKOECH
245 ## - TITLE STATEMENT
Title EFFECTS OF GREEN SUPPLY CHAIN MANAGEMENT ON ORGANIZATIONAL PRODUCTIVITY;A SURVEY OF TEXTILE INDUSTRIES IN ELDORET
260 ## - PUBLICATION, DISTRIBUTION, ETC.
Place of publication, distribution, etc. KISII
Name of publisher, distributor, etc. KSU
Date of publication, distribution, etc. 2016
300 ## - PHYSICAL DESCRIPTION
Extent Xiv,71P;ILL
500 ## - GENERAL NOTE
General note INCLUDES REFERENCES
942 ## - ADDED ENTRY ELEMENTS (KOHA)
Source of classification or shelving scheme Library of Congress Classification
Koha item type Reference
Holdings
Withdrawn status Lost status Source of classification or shelving scheme Damaged status Not for loan Collection Home library Current library Shelving location Date acquired Inventory number Total checkouts Full call number Barcode Date last seen Copy number Price effective from Koha item type
    Library of Congress Classification     Special Research Kisii University Library Kisii University Library On Display 03/11/2026 076156   THE TS 161 .K4K43 2016 000000024095 03/11/2026 C.1 03/11/2026 Reference